Optimization (Record no. 13572)

000 -LEADER
fixed length control field 00580nam a22002177a 4500
001 - CONTROL NUMBER
control field 13572
003 - CONTROL NUMBER IDENTIFIER
control field BD-DhUET
008 - FIXED-LENGTH DATA ELEMENTS--GENERAL INFORMATION
fixed length control field 150303b xxu||||| |||| 00| 0 eng d
040 ## - CATALOGING SOURCE
Transcribing agency 0
Modifying agency BD-DhUET
082 ## - DEWEY DECIMAL CLASSIFICATION NUMBER
Classification number 660.284
Item number BEV/1970
100 ## - MAIN ENTRY--PERSONAL NAME
Personal name Beveridge, Gordon S. G.
245 ## - TITLE STATEMENT
Title Optimization
Remainder of title theory and practice
250 ## - EDITION STATEMENT
Edition statement 1st ed.
260 ## - PUBLICATION, DISTRIBUTION, ETC. (IMPRINT)
Place of publication, distribution, etc. London
Name of publisher, distributor, etc. McGraw-Hill
Date of publication, distribution, etc. 1970
300 ## - PHYSICAL DESCRIPTION
Extent xix, 773 p.
Other physical details ill.
490 ## - SERIES STATEMENT
Series statement McGraw-Hill chemical engineering series
504 ## - BIBLIOGRAPHY, ETC. NOTE
Bibliography, etc Includes bibliographies
650 #0 - SUBJECT ADDED ENTRY--TOPICAL TERM
Topical term or geographic name as entry element Optimization
700 ## - ADDED ENTRY--PERSONAL NAME
Personal name Schechter, Robert S.
942 ## - ADDED ENTRY ELEMENTS (KOHA)
Koha item type General Book
Holdings
Koha full call number Koha date last seen Sublocation or collection (holding branch) Price effective from Source of classification or shelving scheme Copy number Location (home branch) Date acquired Damaged status Koha normalized classification for sorting Not for loan Shelving location Koha item type Lost status Withdrawn status Piece designation (barcode)
660.284/BEV/19702015-03-03Central Library, BUET2015-03-03 1Central Library, BUET2015-03-03 660_284000000000000_BEV_1970 Circulation sectionGeneral Book  65468
660.284/BEV/19702015-03-04Central Library, BUET2015-03-04 2Central Library, BUET2015-03-04 660_284000000000000_BEV_1970 Circulation sectionGeneral Book  49358
660.284/BEV/19702015-07-13Central Library, BUET2015-07-13 1Central Library, BUET2015-07-13 660_284000000000000_BEV_1970 Circulation sectionGeneral Book  46557
660.284/BEV/19702021-04-03Central Library, BUET2021-04-03 3Central Library, BUET1978-12-01 660_284000000000000_BEV_1970 Circulation sectionGeneral Book  44490